Communes de l'Indre par images satellites - Statistiques

Statistiques générales
  • Ce quiz a été pris 9 fois
  • Le résultat moyen est 9 sur 15
Statistiques - réponses
Par images Hint Réponse % Correct
Ville abritant l'aéroport du département Déols
100%
Deuxième capitale du Berry Châteauroux
89%
Village étape au nom pas très accueillant Vatan
89%
Importante place gallo-romaine en bord de Creuse Argenton-sur-Creuse
78%
Son barrage est le plus grand de la région Eguzon-Chantôme
67%
Son ancienne forteresse en surplomb de l'Indre accueille aujourd'hui le musée George Sand La Châtre
67%
Ville carrefour entre Berry, Poitou et Touraine Le Blanc
67%
Comprend un imposant château et un train touristique Valençay
67%
Cité médiévale situé à la frontière entre Berry et Marche Aigurande
44%
Lieu d'un palais renaissance entouré de jardins Bouges-le-Château
44%
Commune historique bordant l'Indre, autrefois tourangelle Buzançais
44%
Commune ayant été au coeur du conflit entre capétiens et plantagenêts Issoudun
44%
Capitale du cuir et du parchemin Levroux
33%
Un des villages préférés de George Sand Gargilesse-Dampierre
22%
Son château abandonné trône au milieu d'un golf Villedieu-sur-Indre
22%
Aucun quiz correspondant
Distribution des résultats
% des personnes avec chaque résultat
Percentile par nombre de réponses
Votre historique - résultats
Vous n’avez pas pris ce quiz